| 000 | 01840nam a22004577a 4500 | ||
|---|---|---|---|
| 003 | dpl | ||
| 005 | 20100210113845.0 | ||
| 008 | 091208s2010 ii a b 000 d eng d | ||
| 010 | _aENG-95854 | ||
| 020 | _a9780198065494 | ||
| 020 | _a0198065493 | ||
| 025 | _aI-E-2009-305742; 25 | ||
| 035 | _aEN-79387 | ||
| 035 | _a(OCoLC)489405599 | ||
| 037 |
_aLibrary of Congress -- New Delhi Overseas Office _cRs395.00 |
||
| 040 |
_aDPL _beng _cDKAGE _dDLC |
||
| 041 |
_aeng _hben |
||
| 042 |
_alccopycat _alcode |
||
| 043 | _aa-ii--- | ||
| 050 |
_aMLCM 2009/00186 (P) _aPK1718.S3263 |
||
| 082 |
_a891.44371 _222 |
||
| 100 | _aSarkar, Badal. | ||
| 240 | _aIndian history made easy | ||
| 245 |
_aTwo plays : _bIndian history made easy. Life of Bagala / _cBadal Sircar ; translated and with an introduction by Subhendu Sarkar. |
||
| 260 |
_aNew Delhi : _bOxford University Press, _c2010. |
||
| 270 |
_aYMCA Library Building, Jai Singh Road _bNew Delhi _e110001 |
||
| 300 |
_axxxvii, 125 p. : _bill. ; _c23 cm. |
||
| 504 | _aIncludes bibliographical references. | ||
| 546 | _aTranslated from Bengali. | ||
| 650 |
_aBengali drama _vTranslations into English. |
||
| 651 |
_aIndia _xHistory _yBritish occupation, 1765-1947 _vFiction. |
||
| 700 | _aSarkar, Subhendu. | ||
| 700 |
_aSarkar, Badal. _tLife of Bagala. |
||
| 740 | _aLife of Bagala. | ||
| 856 |
_3Contributor biographical information _uhttp://www.loc.gov/catdir/enhancements/fy1005/2009305742-b.html |
||
| 856 |
_3Publisher description _uhttp://www.loc.gov/catdir/enhancements/fy1005/2009305742-d.html |
||
| 906 |
_a7 _bcbc _ccopycat _d4 _encip _f20 _gy-gencatlg |
||
| 942 |
_2ddc _cEN |
||
| 999 |
_c33827 _d33827 |
||